[Event "Open Brno 2014"]
[Site "Brno CZE"]
[Date "2014.11.20"]
[Round "7.21"]
[White "Simkin, Alexander"]
[Black "Tajovsky, Matej"]
[Result "1-0"]
[WhiteElo "1890"]
[BlackElo "1429"]
[PlyCount "97"]
[EventDate "2014.11.15"]
[EventType "swiss"]
[EventRounds "9"]
[EventCountry "CZE"]
[Source "lmi"]
[SourceDate "2014.11.15"]

1. d4 d5 2. c4 e6 3. Nc3 Nf6 4. Nf3 Nbd7 5. cxd5 exd5 6. Bg5 b6 7. Nxd5 Bb7 8.
Nc3 Be7 9. e3 O-O 10. Be2 c5 11. O-O Rc8 12. dxc5 Nxc5 13. Qxd8 Rfxd8 14. Rfd1
Nce4 15. Rxd8+ Rxd8 16. Nxe4 Bxe4 17. Nd4 Rc8 18. f3 Bg6 19. e4 h6 20. Be3 Bc5
21. Rc1 Rd8 22. Rd1 Ne8 23. Kf2 Nc7 24. Nc6 Rxd1 25. Bxd1 Bxe3+ 26. Kxe3 a5 27.
Ne7+ Kf8 28. Nxg6+ fxg6 29. Kd4 Ke7 30. Ke5 Ne6 31. Ba4 Nc5 32. Bb5 Ne6 33. g3
Nc7 34. Bc6 Ne6 35. f4 Nc5 36. Bb5 Kf7 37. Kd5 Kf6 38. e5+ Kf5 39. e6 Nxe6 40.
Bd7 Kg4 41. Kxe6 Kh3 42. Kf7+ Kxh2 43. g4 h5 44. Kxg6 h4 45. Kxg7 h3 46. f5 Kg1
47. Bc6 h2 48. f6 h1=Q 49. Bxh1 1-0

[Event "Open Brno 2014"]
[Site "Brno CZE"]
[Date "2014.11.20"]
[Round "7.22"]
[White "Kaplan, Milan"]
[Black "Snasel, Michal"]
[Result "1-0"]
[WhiteElo "1791"]
[BlackElo "1704"]
[PlyCount "117"]
[EventDate "2014.11.15"]
[EventType "swiss"]
[EventRounds "9"]
[EventCountry "CZE"]
[Source "lmi"]
[SourceDate "2014.11.15"]

1. e4 c5 2. c3 d5 3. exd5 Qxd5 4. d4 Nc6 5. Nf3 cxd4 6. cxd4 e5 7. Nc3 Bb4 8.
dxe5 Qxd1+ 9. Kxd1 Bg4 10. Bf4 Nge7 11. Be2 O-O-O+ 12. Nd2 Be6 13. Bg3 Nf5 14.
Ke1 Nxg3 15. hxg3 Nxe5 16. Rc1 Kb8 17. a3 Be7 18. f4 Nd3+ 19. Bxd3 Rxd3 20. Nf3
f6 21. Rd1 Rxd1+ 22. Nxd1 h6 23. Nd4 Bd7 24. Ne3 Re8 25. Kd2 Bc5 26. Kd3 Rd8
27. Nec2 Bf5+ 28. Kc4 Bxc2 29. Kxc5 Be4 30. Rg1 g6 31. g4 b6+ 32. Kc4 Rh8 33.
g3 Kb7 34. Re1 Re8 35. Kb4 a5+ 36. Kc3 Rc8+ 37. Kd2 f5 38. gxf5 gxf5 39. Rc1
Rg8 40. Rc3 h5 41. Ne6 Rg4 42. Rc7+ Ka6 43. Rg7 Kb5 44. Rxg4 hxg4 45. Kc3 Kc6
46. Kd4 Kd6 47. Ng5 Bb1 48. Nf7+ Ke7 49. Ne5 Kd6 50. Nc4+ Kc6 51. Ke5 Kc5 52.
Nd6 b5 53. Nxf5 b4 54. Ne3 a4 55. f5 Bxf5 56. Kxf5 bxa3 57. bxa3 Kd4 58. Nd1
Kc4 59. Nb2+ 1-0

[Event "Open Brno 2014"]
[Site "Brno CZE"]
[Date "2014.11.20"]
[Round "7.23"]
[White "Zuziak, Petr"]
[Black "Svoboda, Zdenek"]
[Result "1-0"]
[WhiteElo "1744"]
[BlackElo "1691"]
[PlyCount "47"]
[EventDate "2014.11.15"]
[EventType "swiss"]
[EventRounds "9"]
[EventCountry "CZE"]
[Source "lmi"]
[SourceDate "2014.11.15"]

1. d4 c6 2. Nf3 d5 3. e3 Bg4 4. h3 Bh5 5. g4 Bg6 6. Ne5 f6 7. Nxg6 hxg6 8. c4
e6 9. Qb3 Qc7 10. Nc3 Nh6 11. Be2 Nd7 12. Bd2 O-O-O 13. O-O-O Kb8 14. Kb1 Nb6
15. c5 Nd7 16. Na4 b6 17. Ba5 Kb7 18. Rc1 Rb8 19. cxb6 axb6 20. Bb5 bxa5 21.
Rxc6 Qxc6 22. Bxc6+ Kxc6 23. Rc1+ Nc5 24. Qxb8 1-0

[Event "Open Brno 2014"]
[Site "Brno CZE"]
[Date "2014.11.20"]
[Round "7.24"]
[White "Kosina, Vladimir"]
[Black "Veznik, Michael"]
[Result "1-0"]
[WhiteElo "1763"]
[BlackElo "1839"]
[PlyCount "115"]
[EventDate "2014.11.15"]
[EventType "swiss"]
[EventRounds "9"]
[EventCountry "CZE"]
[Source "lmi"]
[SourceDate "2014.11.15"]

1. e4 g6 2. Nf3 Bg7 3. Bc4 c6 4. Nc3 b5 5. Bb3 Bb7 6. O-O d6 7. d3 Nd7 8. Re1
e5 9. h3 Nc5 10. Bg5 Ne7 11. d4 Nxb3 12. axb3 f6 13. Be3 a5 14. dxe5 fxe5 15.
Qd2 O-O 16. Red1 b4 17. Ne2 d5 18. Ng3 d4 19. Bg5 Qc7 20. Bh6 c5 21. Qg5 Bf6
22. Qd2 Rfd8 23. Ng5 Qd6 24. Qe2 Ba6 25. Qg4 Bc8 26. Qf3 Nc6 27. Nf1 Qe7 28. h4
Bg7 29. Bxg7 Kxg7 30. Qg3 h6 31. Nf3 Rf8 32. N1d2 Rf4 33. Re1 Qf6 34. Nc4 Bg4
35. Nb6 Rd8 36. Nd5 Qe6 37. Nxf4 exf4 38. Qxf4 Bxf3 39. gxf3 Rf8 40. Qg3 Qf6
41. Kg2 Qd8 42. f4 Kh7 43. Rad1 Qa8 44. Qg4 Rf7 45. Kg3 Ne7 46. f3 Qb8 47. Rh1
Ng8 48. e5 Ne7 49. h5 g5 50. Qe6 gxf4+ 51. Kf2 Rg7 52. Rdg1 Rg3 53. Rxg3 fxg3+
54. Kxg3 Qg8+ 55. Kf2 Qg5 56. Qg6+ Qxg6 57. hxg6+ Kxg6 58. Kg3 1-0

[Event "Open Brno 2014"]
[Site "Brno CZE"]
[Date "2014.11.20"]
[Round "7.25"]
[White "Romanek, Zdenek"]
[Black "Zejda, Karel"]
[Result "0-1"]
[WhiteElo "1648"]
[BlackElo "1773"]
[PlyCount "66"]
[EventDate "2014.11.15"]
[EventType "swiss"]
[EventRounds "9"]
[EventCountry "CZE"]
[Source "lmi"]
[SourceDate "2014.11.15"]

1. d4 d5 2. c4 e6 3. Nf3 Nf6 4. e3 Nbd7 5. Bd3 dxc4 6. Bxc4 Be7 7. O-O O-O 8.
Nc3 Re8 9. a3 c6 10. b4 Nb6 11. Bb3 Nbd5 12. Bb2 a5 13. Nxd5 exd5 14. bxa5 Rxa5
15. Ne5 Bd6 16. f3 Qe7 17. Qc1 Nd7 18. Qc3 Ra6 19. f4 f6 20. Nxd7 Bxd7 21. Bc1
Rea8 22. e4 Qxe4 23. Re1 Qg6 24. Re2 Bf5 25. Qe3 Kf8 26. a4 Be4 27. Bd1 Bd3 28.
Rf2 Re8 29. Qd2 Qe4 30. h3 Qxd4 31. Bb2 Qe3 32. Be5 Bc5 33. Qb2 Qxf2+ 0-1

[Event "Open Brno 2014"]
[Site "Brno CZE"]
[Date "2014.11.20"]
[Round "7.26"]
[White "Zikan, Karel"]
[Black "Feldvabl, Vilem"]
[Result "1-0"]
[WhiteElo "1743"]
[BlackElo "1716"]
[PlyCount "67"]
[EventDate "2014.11.15"]
[EventType "swiss"]
[EventRounds "9"]
[EventCountry "CZE"]
[Source "lmi"]
[SourceDate "2014.11.15"]

1. Nf3 Nf6 2. c4 c5 3. Nc3 Nc6 4. g3 g6 5. Bg2 Bg7 6. O-O O-O 7. d4 cxd4 8.
Nxd4 Qb6 9. e3 Nxd4 10. Qxd4 Qxd4 11. exd4 d6 12. Re1 Re8 13. Nb5 Rb8 14. Nc7
Rd8 15. Rxe7 Rd7 16. Rxd7 Bxd7 17. Bf4 Bf8 18. Nd5 Nxd5 19. Bxd5 Be6 20. Bxe6
fxe6 21. Rc1 Rc8 22. b4 e5 23. Be3 a6 24. dxe5 dxe5 25. c5 Kf7 26. Kg2 Ke6 27.
Rd1 Be7 28. a3 Rc6 29. g4 Rc8 30. Kf3 g5 31. Ke4 Rc7 32. Rd5 Bf6 33. Rd6+ Ke7
34. Kf5 1-0

[Event "Open Brno 2014"]
[Site "Brno CZE"]
[Date "2014.11.20"]
[Round "7.27"]
[White "Schoeppe, Christian"]
[Black "Kures, Michael"]
[Result "0-1"]
[WhiteElo "1640"]
[BlackElo "1493"]
[PlyCount "46"]
[EventDate "2014.11.15"]
[EventType "swiss"]
[EventRounds "9"]
[EventCountry "CZE"]
[Source "lmi"]
[SourceDate "2014.11.15"]

1. Nf3 f5 2. e3 Nf6 3. b3 e6 4. Bb2 b6 5. Be2 Bb7 6. Nc3 Be7 7. h4 O-O 8. d3 a5
9. a4 Nc6 10. Na2 Nb4 11. h5 h6 12. Bxf6 Bxf6 13. d4 c5 14. Nxb4 cxb4 15. Bc4
Qc7 16. Qe2 d5 17. Bd3 Qc3+ 18. Qd2 Qxa1+ 19. Qd1 Qxd1+ 20. Kxd1 Ba6 21. Kd2
Bxd3 22. Kxd3 Rac8 23. Rc1 Rfe8 0-1

[Event "Open Brno 2014"]
[Site "Brno CZE"]
[Date "2014.11.20"]
[Round "7.28"]
[White "Nemec, Jakub"]
[Black "Baraniuk, Andrej"]
[Result "1/2-1/2"]
[WhiteElo "1523"]
[BlackElo "1681"]
[PlyCount "49"]
[EventDate "2014.11.15"]
[EventType "swiss"]
[EventRounds "9"]
[EventCountry "CZE"]
[Source "lmi"]
[SourceDate "2014.11.15"]

1. e4 c5 2. Nf3 e6 3. d4 cxd4 4. Nxd4 a6 5. a4 b6 6. Bd3 Qc7 7. O-O Nf6 8. Nf3
d6 9. Re1 Nbd7 10. Bf4 e5 11. Be3 Be7 12. Nc3 Bb7 13. Qe2 O-O 14. h3 Nc5 15.
Bg5 Rfe8 16. Rec1 h6 17. Bd2 Rac8 18. b4 Nxd3 19. cxd3 Qb8 20. b5 a5 21. Be3
Ba8 22. Qd2 Bf8 23. Ra2 Rc7 24. Rac2 Rec8 25. Na2 1/2-1/2

[Event "Open Brno 2014"]
[Site "Brno CZE"]
[Date "2014.11.20"]
[Round "7.29"]
[White "Bata, Jiri"]
[Black "Glacner, Karel"]
[Result "1-0"]
[WhiteElo "1589"]
[BlackElo "1543"]
[PlyCount "117"]
[EventDate "2014.11.15"]
[EventType "swiss"]
[EventRounds "9"]
[EventCountry "CZE"]
[Source "lmi"]
[SourceDate "2014.11.15"]

1. e4 e5 2. Bc4 Bc5 3. Nf3 f5 4. Nxe5 Qh4 5. O-O Nh6 6. d4 Bd6 7. g3 Qh3 8.
Bxh6 Bxe5 9. dxe5 gxh6 10. exf5 Rf8 11. f6 Nc6 12. Re1 Nd8 13. Nc3 Ne6 14. Bxe6
dxe6 15. Qd3 Bd7 16. Qxh7 O-O-O 17. Qd3 Bc6 18. Qf1 Qg4 19. Re3 Rd2 20. Ne2 Bb5
21. f3 Qc4 22. Re1 Rxc2 23. Rc1 Qc5 24. Rxc2 Qxe3+ 25. Qf2 Qxe5 26. Qxa7 Qd6
27. Qd4 Qd5 28. Qxd5 exd5 29. Nd4 Ba6 30. Rxc7+ Kb8 31. Rd7 Rxf6 32. b3 b5 33.
Rxd5 Bb7 34. Rxb5 Ka7 35. f4 Rd6 36. Rb4 Ka6 37. Kf2 h5 38. Ke3 Bh1 39. f5 Ka5
40. Ra4+ Kb6 41. Rc4 Bd5 42. Rc2 Ka5 43. Rf2 Rf6 44. a3 Kb6 45. b4 Kc7 46. a4
Rb6 47. Rb2 Kd7 48. a5 Ra6 49. Rf2 Rf6 50. b5 Kc8 51. Kf4 Bh1 52. Ke5 Rf8 53.
f6 Kd7 54. f7 Ke7 55. Nc6+ Kd7 56. Kf6 Bd5 57. Kg7 Bxc6 58. Kxf8 Bxb5 59. Kg7
1-0

[Event "Open Brno 2014"]
[Site "Brno CZE"]
[Date "2014.11.21"]
[Round "8.1"]
[White "Kourousis, Epaminondas"]
[Black "Constantinou, Peter"]
[Result "1-0"]
[WhiteElo "2380"]
[BlackElo "2298"]
[PlyCount "55"]
[EventDate "2014.11.15"]
[EventType "swiss"]
[EventRounds "9"]
[EventCountry "CZE"]
[Source "lmi"]
[SourceDate "2014.11.15"]

1. d4 d5 2. c4 c6 3. Nf3 Nf6 4. Nc3 dxc4 5. a4 Bf5 6. Ne5 Nbd7 7. Nxc4 Nb6 8.
Ne3 Bg6 9. a5 Nbd7 10. g3 e5 11. dxe5 Nxe5 12. a6 b5 13. Qxd8+ Rxd8 14. f4 Neg4
15. Nxg4 Nxg4 16. h3 Nf6 17. Bg2 Nd5 18. Nxd5 cxd5 19. Be3 Bb4+ 20. Kd1 d4 21.
Bd2 Bxd2 22. Kxd2 Kd7 23. g4 f6 24. Ra5 Rc8 25. f5 Bf7 26. Rxb5 Rhe8 27. Rb7+
Rc7 28. Bc6+ 1-0

[Event "Open Brno 2014"]
[Site "Brno CZE"]
[Date "2014.11.21"]
[Round "8.2"]
[White "Shevchenko, Kirill"]
[Black "Simantsev, Mikhail"]
[Result "1-0"]
[WhiteElo "2141"]
[BlackElo "2452"]
[PlyCount "55"]
[EventDate "2014.11.15"]
[EventType "swiss"]
[EventRounds "9"]
[EventCountry "CZE"]
[Source "lmi"]
[SourceDate "2014.11.15"]

1. e4 c5 2. Nf3 e6 3. d4 cxd4 4. Nxd4 a6 5. Bd3 Nf6 6. O-O d6 7. c4 g6 8. Nc3
Bg7 9. Nf3 Qc7 10. Bf4 Nbd7 11. Be2 Ne5 12. Qd2 O-O 13. Rfd1 Nh5 14. Be3 Nxc4
15. Bxc4 Qxc4 16. Qxd6 Bxc3 17. bxc3 Qxe4 18. Bh6 Ng7 19. Ng5 Qh4 20. Nxh7 Re8
21. Rd4 Qxh6 22. Nf6+ Kh8 23. Nxe8 Nxe8 24. Qe7 Ng7 25. Rd8+ Kh7 26. Qf8 g5 27.
Qg8+ Kg6 28. Rxc8 1-0

[Event "Open Brno 2014"]
[Site "Brno CZE"]
[Date "2014.11.21"]
[Round "8.3"]
[White "Ivanov, Mikhail M"]
[Black "Iwanow, Anna"]
[Result "1-0"]
[WhiteElo "2380"]
[BlackElo "2288"]
[PlyCount "57"]
[EventDate "2014.11.15"]
[EventType "swiss"]
[EventRounds "9"]
[EventCountry "CZE"]
[Source "lmi"]
[SourceDate "2014.11.15"]

1. d4 Nf6 2. Nf3 d5 3. c4 c6 4. Nbd2 g6 5. e3 Bg7 6. b4 O-O 7. Bb2 Bg4 8. Be2
Nbd7 9. h3 Bxf3 10. Nxf3 e6 11. O-O a5 12. b5 cxb5 13. cxb5 a4 14. Ba3 Re8 15.
Rc1 Nb6 16. Rc2 Ne4 17. Qb1 Rc8 18. Rfc1 Rxc2 19. Qxc2 Qb8 20. Qc7 Qxc7 21.
Rxc7 Rb8 22. Ne5 Na8 23. Rc2 Nb6 24. f3 Nf6 25. Rc7 Na8 26. Rxf7 Ne8 27. f4 Nb6
28. Bg4 Nc4 29. Bxe6 1-0

[Event "Open Brno 2014"]
[Site "Brno CZE"]
[Date "2014.11.21"]
[Round "8.4"]
[White "Tsenov, Tsvetoslav"]
[Black "Pokorny, Petr"]
[Result "0-1"]
[WhiteElo "2150"]
[BlackElo "2138"]
[PlyCount "102"]
[EventDate "2014.11.15"]
[EventType "swiss"]
[EventRounds "9"]
[EventCountry "CZE"]
[Source "lmi"]
[SourceDate "2014.11.15"]

1. e4 e5 2. Nf3 Nf6 3. Nxe5 d6 4. Nf3 Nxe4 5. Qe2 Qe7 6. d3 Nf6 7. Nc3 Qxe2+ 8.
Bxe2 c6 9. h3 Be7 10. Bf4 Bf5 11. O-O-O Na6 12. Rhe1 O-O-O 13. a3 Rhe8 14. d4
Nc7 15. Bd3 Bxd3 16. Rxd3 h6 17. g4 Nfd5 18. Nxd5 Nxd5 19. Bd2 Bf6 20. c4 Nb6
21. b3 Rxe1+ 22. Bxe1 Re8 23. Re3 Rxe3 24. fxe3 d5 25. c5 Nd7 26. Bg3 Nf8 27.
Kd2 Ne6 28. h4 Kd7 29. Kd3 Nf8 30. b4 Ke6 31. a4 a6 32. Nd2 Nd7 33. Bf2 Bd8 34.
Ke2 f5 35. gxf5+ Kxf5 36. Kf3 Nf6 37. Nf1 Ne4 38. Be1 Bc7 39. b5 axb5 40. axb5
cxb5 41. Bb4 Bd8 42. Be1 b4 43. Bxb4 Bxh4 44. Nh2 h5 45. Ba5 g5 46. Kg2 g4 47.
Bc7 Bf2 48. Bf4 h4 49. Nf1 Be1 50. Bc7 g3 51. Kf3 Ng5+ 0-1

[Event "Open Brno 2014"]
[Site "Brno CZE"]
[Date "2014.11.21"]
[Round "8.5"]
[White "Burnett, Andrew"]
[Black "Semenova, Elena"]
[Result "1/2-1/2"]
[WhiteElo "2269"]
[BlackElo "2227"]
[PlyCount "118"]
[EventDate "2014.11.15"]
[EventType "swiss"]
[EventRounds "9"]
[EventCountry "CZE"]
[Source "lmi"]
[SourceDate "2014.11.15"]

1. Nf3 Nf6 2. c4 e6 3. d4 d5 4. Nc3 Be7 5. Bg5 O-O 6. e3 h6 7. Bh4 Ne4 8. Bxe7
Qxe7 9. Rc1 b6 10. cxd5 Nxc3 11. Rxc3 exd5 12. Qc2 c6 13. a3 Bb7 14. b4 Nd7 15.
Be2 b5 16. O-O a5 17. Rb1 axb4 18. axb4 Ra4 19. Bxb5 cxb5 20. Rc7 Ba8 21. Ne5
Rd8 22. Qf5 Qf6 23. Qxf6 Nxf6 24. Nxf7 Ne8 25. Nxd8 Nxc7 26. f4 Ra6 27. Rc1 Rd6
28. Rxc7 Rxd8 29. g4 Kh7 30. h4 h5 31. g5 Kg6 32. Kf2 Rd6 33. Kf3 Bc6 34. f5+
Kxf5 35. Rxg7 Be8 36. Re7 Re6 37. Rb7 Kg6 38. Rb8 Bd7 39. Rb7 Re7 40. Rb6+ Kg7
41. Rd6 Rf7+ 42. Kg3 Bg4 43. Rxd5 Rf3+ 44. Kg2 Rxe3 45. Rxb5 Rd3 46. Rb7+ Kf8
47. Rb8+ Ke7 48. b5 Rxd4 49. b6 Bd7 50. b7 Rb4 51. Kg3 Kf7 52. Rh8 Rxb7 53.
Rxh5 Kg7 54. Rh6 Be8 55. Kf4 Bg6 56. Ke5 Re7+ 57. Kd6 Re1 58. Kd5 Rd1+ 59. Ke5
Re1+ 1/2-1/2

[Event "Open Brno 2014"]
[Site "Brno CZE"]
[Date "2014.11.21"]
[Round "8.6"]
[White "Blahynka, Martin"]
[Black "Rehurek, Lukas"]
[Result "1-0"]
[WhiteElo "2237"]
[BlackElo "2188"]
[PlyCount "75"]
[EventDate "2014.11.15"]
[EventType "swiss"]
[EventRounds "9"]
[EventCountry "CZE"]
[Source "lmi"]
[SourceDate "2014.11.15"]

1. d4 Nf6 2. c4 e6 3. Nc3 Bb4 4. Qc2 O-O 5. e4 d5 6. e5 Ne4 7. Bd3 f5 8. exf6
Nxf6 9. Nf3 c5 10. dxc5 d4 11. a3 Ba5 12. b4 dxc3 13. bxa5 Qxa5 14. O-O Na6 15.
Bg5 h6 16. Bxf6 Rxf6 17. Bh7+ Kh8 18. Rad1 Nxc5 19. Ne5 Qc7 20. Bg6 Bd7 21.
Qxc3 Ba4 22. Rd2 Nd7 23. Nxd7 Bxd7 24. Bc2 Bc6 25. Qd3 g6 26. Re1 Raf8 27. Re3
e5 28. Rh3 Kg7 29. Qe3 g5 30. Rxh6 Rxh6 31. Qxg5+ Kf7 32. Qxh6 Rg8 33. Qh5+ Kf8
34. Qf5+ Ke8 35. Qe6+ Kf8 36. Qf6+ Qf7 37. Rd8+ Be8 38. Qxe5 1-0

[Event "Open Brno 2014"]
[Site "Brno CZE"]
[Date "2014.11.21"]
[Round "8.8"]
[White "Cherednichenko, Elena"]
[Black "Bartos, Jan"]
[Result "1/2-1/2"]
[WhiteElo "2174"]
[BlackElo "2194"]
[PlyCount "45"]
[EventDate "2014.11.15"]
[EventType "swiss"]
[EventRounds "9"]
[EventCountry "CZE"]
[Source "lmi"]
[SourceDate "2014.11.15"]

1. d4 d5 2. Nf3 Nf6 3. e3 e6 4. Bd3 c5 5. b3 Nc6 6. Bb2 Bd6 7. Nbd2 O-O 8. O-O
b6 9. Ne5 Bb7 10. f4 Rc8 11. a3 Ne7 12. Ng4 Ne4 13. dxc5 Bxc5 14. b4 Bd6 15.
Nf3 Nf5 16. Qe1 Qe7 17. Nd4 Nxd4 18. Bxd4 f6 19. Qh4 Rf7 20. Qh5 f5 21. Ne5 Rf6
22. Qh4 Qe8 23. Qe1 1/2-1/2

[Event "Open Brno 2014"]
[Site "Brno CZE"]
[Date "2014.11.21"]
[Round "8.9"]
[White "Hrdlicka, Vladan"]
[Black "Kulon, Klaudia"]
[Result "0-1"]
[WhiteElo "1797"]
[BlackElo "2374"]
[PlyCount "96"]
[EventDate "2014.11.15"]
[EventType "swiss"]
[EventRounds "9"]
[EventCountry "CZE"]
[Source "lmi"]
[SourceDate "2014.11.15"]

1. e4 e5 2. Nf3 Nc6 3. Bc4 Nf6 4. d3 h6 5. c3 d6 6. Nbd2 g6 7. Bb3 Bg7 8. Qe2
O-O 9. Nf1 Na5 10. Bc2 c5 11. h3 Nh5 12. g3 b5 13. Ne3 Be6 14. Ng4 Kh7 15. Qd2
g5 16. Ne3 Qd7 17. Qe2 Nf6 18. Bd2 Nc6 19. g4 Kg8 20. Nf5 Ne7 21. Be3 Ng6 22.
Bb3 d5 23. Bxc5 dxe4 24. Bxf8 exf3 25. Qxf3 Rxf8 26. Nxg7 Kxg7 27. Qe3 a5 28.
O-O-O Nd5 29. Qd2 a4 30. Bxd5 Bxd5 31. Rh2 Bxa2 32. h4 Qxg4 33. hxg5 Qxg5 34.
Rdh1 Bd5 35. Re1 Rd8 36. Rh3 Qxd2+ 37. Kxd2 Be6 38. Rg3 Kh7 39. Re4 f5 40. Rb4
f4 41. Rg1 Bc4 42. Rxc4 bxc4 43. Ra1 cxd3 44. Rxa4 Nh4 45. b4 Nf3+ 46. Kd1 e4
47. b5 e3 48. fxe3 fxe3 0-1

[Event "Open Brno 2014"]
[Site "Brno CZE"]
[Date "2014.11.21"]
[Round "8.10"]
[White "Snorek, Milan"]
[Black "Popper, Tomas"]
[Result "1-0"]
[WhiteElo "2105"]
[BlackElo "1961"]
[PlyCount "97"]
[EventDate "2014.11.15"]
[EventType "swiss"]
[EventRounds "9"]
[EventCountry "CZE"]
[Source "lmi"]
[SourceDate "2014.11.15"]

1. d4 Nf6 2. Nf3 e6 3. c4 d5 4. cxd5 exd5 5. Bg5 Be7 6. Nc3 O-O 7. Qc2 c6 8. e3
Nbd7 9. Bd3 b6 10. Ne5 Bb7 11. Nxd7 Qxd7 12. Bxf6 Bxf6 13. Bxh7+ Kh8 14. Bf5
Qe7 15. O-O g6 16. Bh3 Bc8 17. Bxc8 Raxc8 18. Rad1 Bg7 19. a3 f5 20. b4 f4 21.
exf4 Rxf4 22. Qxg6 Rcf8 23. Qh5+ Kg8 24. Qe2 Qf7 25. Qe3 Re8 26. Qg3 Kf8 27. b5
Re6 28. bxc6 Rg6 29. c7 Rc6 30. Nxd5 Rxd4 31. Rxd4 Bxd4 32. Qd6+ Rxd6 33. c8=Q+
Kg7 34. Qg4+ Kf8 35. Qxd4 Rxd5 36. Qb4+ Rc5 37. h3 Qf6 38. Re1 a5 39. Qe4 Rc7
40. Qe8+ Kg7 41. Re3 Rf7 42. Rg3+ Kh7 43. Kh2 Rg7 44. Qe4+ Kg8 45. Qd5+ Kh7 46.
Rf3 Qe7 47. Rf5 Qc7+ 48. g3 Kh8 49. Rf8+ 1-0

[Event "Open Brno 2014"]
[Site "Brno CZE"]
[Date "2014.11.21"]
[Round "8.11"]
[White "Dirgas, Josef"]
[Black "Sernecki, Franciszek"]
[Result "1-0"]
[WhiteElo "2078"]
[BlackElo "1903"]
[PlyCount "167"]
[EventDate "2014.11.15"]
[EventType "swiss"]
[EventRounds "9"]
[EventCountry "CZE"]
[Source "lmi"]
[SourceDate "2014.11.15"]

1. d4 d5 2. c4 e6 3. e3 c5 4. Nf3 Nf6 5. Nc3 Nc6 6. a3 cxd4 7. exd4 Ne4 8. Be3
Nxc3 9. bxc3 Be7 10. Bd3 O-O 11. O-O Bd7 12. cxd5 exd5 13. Ne5 Rc8 14. Nxd7
Qxd7 15. Qb1 g6 16. Qb5 a6 17. Qa4 Ne5 18. Qxd7 Nxd7 19. Bd2 Rc6 20. Rfb1 Rb6
21. a4 a5 22. Bb5 Nf6 23. f3 Rc8 24. Kf2 Re6 25. Bd3 Rc7 26. Rb5 b6 27. Rab1
Rcc6 28. R1b3 Kg7 29. Bf4 Rc8 30. Be5 Rec6 31. Rxb6 Rxb6 32. Rxb6 Rxc3 33. Bb5
Rc8 34. g4 g5 35. h4 h6 36. f4 gxh4 37. g5 hxg5 38. fxg5 Kg6 39. gxf6 Bb4 40.
Bc6 Rh8 41. Bxd5 h3 42. Kg1 Bc3 43. Kh2 Rh4 44. Rb7 Bxd4 45. Bxf7+ Kf5 46. Bg3
Rh6 47. Be8 Kxf6 48. Bb5 Kg5 49. Rd7 Bc3 50. Rd5+ Kg6 51. Rd6+ Kg7 52. Rxh6
Kxh6 53. Kxh3 Kg5 54. Bd7 Kf6 55. Kg2 Ke7 56. Bh3 Bb4 57. Kf3 Bc3 58. Ke4 Kd8
59. Kd3 Bb4 60. Kc4 Bd2 61. Kb5 Bb4 62. Kc6 Bc3 63. Bc7+ Ke7 64. Kb5 Ke8 65.
Bxa5 Bd4 66. Bb6 Bc3 67. a5 Bxa5 68. Bxa5 Ke7 69. Kc5 Kf6 70. Kd5 Kg5 71. Ke4
Kf6 72. Bd8+ Kg6 73. Bg4 Kf7 74. Ke5 Ke8 75. Bf6 Kf7 76. Bh5+ Kg8 77. Ke6 Kf8
78. Be5 Kg8 79. Kf6 Kf8 80. Bd6+ Kg8 81. Kg6 Kh8 82. Bf3 Kg8 83. Bd5+ Kh8 84.
Be5# 1-0

[Event "Open Brno 2014"]
[Site "Brno CZE"]
[Date "2014.11.21"]
[Round "8.12"]
[White "Zemlicka, Vit"]
[Black "Grove, Michael"]
[Result "0-1"]
[WhiteElo "1899"]
[BlackElo "2083"]
[PlyCount "72"]
[EventDate "2014.11.15"]
[EventType "swiss"]
[EventRounds "9"]
[EventCountry "CZE"]
[Source "lmi"]
[SourceDate "2014.11.15"]

1. e4 e5 2. Nf3 Nc6 3. Bb5 f5 4. Nc3 fxe4 5. Nxe4 d5 6. Nxe5 dxe4 7. Nxc6 Qg5
8. Qe2 Nf6 9. f4 Qxf4 10. d4 Qd6 11. Ne5+ c6 12. Bc4 Be6 13. Be3 Be7 14. Bxe6
Qxe6 15. O-O O-O 16. c3 c5 17. a4 a5 18. Kh1 Rac8 19. Bg1 Bd6 20. Nd3 c4 21.
Nf4 Bxf4 22. Rxf4 g5 23. Rff1 Nd5 24. Rxf8+ Kxf8 25. Rf1+ Kg7 26. Be3 Kg6 27.
h3 h6 28. Qf2 Rb8 29. Qg3 Re8 30. h4 Nxe3 31. Qxe3 Qg4 32. Qf2 Qxh4+ 33. Qxh4
gxh4 34. d5 Re5 35. Re1 Kf5 36. Rf1+ Kg5 0-1

[Event "Open Brno 2014"]
[Site "Brno CZE"]
[Date "2014.11.21"]
[Round "8.13"]
[White "Zeman, Radek"]
[Black "Moes, Waldemar"]
[Result "1/2-1/2"]
[WhiteElo "1893"]
[BlackElo "2054"]
[PlyCount "100"]
[EventDate "2014.11.15"]
[EventType "swiss"]
[EventRounds "9"]
[EventCountry "CZE"]
[Source "lmi"]
[SourceDate "2014.11.15"]

1. e4 e5 2. Nf3 Nf6 3. Nxe5 d6 4. Nxf7 Kxf7 5. d4 c5 6. Bc4+ Be6 7. Bxe6+ Kxe6
8. Nc3 Kf7 9. dxc5 Nc6 10. O-O g6 11. Bg5 h6 12. Bxf6 Qxf6 13. Nd5 Qe5 14. Qf3+
Kg7 15. Qb3 Rb8 16. f4 Qxe4 17. Rae1 Qd4+ 18. Kh1 Qxc5 19. f5 Ne5 20. fxg6 Qc4
21. Qxc4 Nxc4 22. Re6 Ne5 23. Nc7 h5 24. Ne8+ Rxe8 25. Rxe8 h4 26. Rb8 Nxg6 27.
Rxb7+ Be7 28. Rxa7 Rc8 29. c3 Rb8 30. b4 Rc8 31. b5 Rxc3 32. b6 Rc8 33. Rc7 Rb8
34. b7 d5 35. Rb1 Kf6 36. Rb6+ Kf5 37. Rc8 Bd6 38. Rxd6 Rxb7 39. Rxd5+ Ne5 40.
Rd1 Rb2 41. Ra1 h3 42. g3 Ng4 43. Rf8+ Ke6 44. Re1+ Kd7 45. Rd1+ Ke7 46. Rf4
Rxh2+ 47. Kg1 Rg2+ 48. Kh1 Rh2+ 49. Kg1 Rg2+ 50. Kh1 Rh2+ 1/2-1/2

[Event "Open Brno 2014"]
[Site "Brno CZE"]
[Date "2014.11.21"]
[Round "8.14"]
[White "Simkin, Alexander"]
[Black "Spodny, Josef"]
[Result "1/2-1/2"]
[WhiteElo "1890"]
[BlackElo "1981"]
[PlyCount "20"]
[EventDate "2014.11.15"]
[EventType "swiss"]
[EventRounds "9"]
[EventCountry "CZE"]
[Source "lmi"]
[SourceDate "2014.11.15"]

1. d4 Nf6 2. c4 e6 3. Nc3 Bb4 4. Qc2 d5 5. e3 O-O 6. Bd3 c5 7. a3 Bxc3+ 8. bxc3
Nc6 9. Nf3 Qc7 10. O-O b6 1/2-1/2

[Event "Open Brno 2014"]
[Site "Brno CZE"]
[Date "2014.11.21"]
[Round "8.15"]
[White "Healy, Tom"]
[Black "Kaplan, Milan"]
[Result "1/2-1/2"]
[WhiteElo "1974"]
[BlackElo "1791"]
[PlyCount "158"]
[EventDate "2014.11.15"]
[EventType "swiss"]
[EventRounds "9"]
[EventCountry "CZE"]
[Source "lmi"]
[SourceDate "2014.11.15"]

1. Nf3 c5 2. c4 Nf6 3. g3 e6 4. Bg2 Be7 5. Nc3 d6 6. O-O O-O 7. d4 cxd4 8. Nxd4
Nbd7 9. b3 Nb6 10. Bb2 d5 11. cxd5 Nbxd5 12. e4 Nxc3 13. Bxc3 Qb6 14. Qe2 Bd7
15. Rfd1 Rfe8 16. Rac1 Bf8 17. Nf3 Bb5 18. Qe1 Rad8 19. Bd4 Qa6 20. Bxf6 Rxd1
21. Rxd1 gxf6 22. Nd4 Bd7 23. a4 e5 24. Nf5 Be6 25. Qe3 Qa5 26. Bf1 Qb4 27. Rd3
a5 28. g4 Rc8 29. Be2 Qe1+ 30. Bf1 Qxe3 31. Nxe3 Rc1 32. Nd5 Kg7 33. f3 Bc5+
34. Kg2 Bd4 35. Rd2 Rc5 36. Bc4 Bd7 37. Rd1 Bxa4 38. Ne7 Bd7 39. Bd5 b5 40. f4
Bxg4 41. Rd3 Rc3 42. Rd2 Be6 43. Nf5+ Bxf5 44. exf5 a4 45. fxe5 fxe5 46. bxa4
bxa4 47. Rb2 Kf6 48. Rb7 Kxf5 49. Rxf7+ Kg6 50. Rb7 a3 51. Be4+ Kg5 52. Bb1 a2
53. Bxa2 Rc2+ 54. Kf3 Rxa2 55. Rxh7 Rf2+ 56. Ke4 Rf4+ 57. Kd5 Rh4 58. Rg7+ Kf4
59. Rg2 Be3 60. Ra2 e4 61. Rg2 Rh5+ 62. Kc4 Bc5 63. Rg7 Bf2 64. Kc3 Rxh2 65.
Rf7+ Kg3 66. Kd2 e3+ 67. Ke2 Rh4 68. Rg7+ Rg4 69. Rh7 Ra4 70. Rg7+ Kf4 71. Rf7+
Ke5 72. Re7+ Kd6 73. Re8 Ra2+ 74. Kf1 Kc5 75. Rc8+ Kd4 76. Rd8+ Kc3 77. Rc8+
Kd2 78. Re8 Kd1 79. Rxe3 Bxe3 1/2-1/2